000 00657nam a2200277Ia 4500
005 20260324125032.0
008 008 260324s9999 xx 000 0 eng d
020 _a9780203843802
037 _aEBOOK
040 _aCRL
040 _beng
040 _cCRL
041 _2eng
041 _aeng
084 _qCRL
100 _aTeri Pichot; Sara A. Smock
_91176445
245 0 _aSolution-Focused Substance Abuse Treatment
260 _bTaylor and Francis
260 _c2009
365 _a
365 _b170
856 _uhttp://www.taylorfrancis.com/books/9780203843802
942 _cEBOOK
999 _c1771356
_d1771356